000
00212 a2200097 4500
001
47468
100
_a
Gellhorn M
245
_a
the face of war
260
_a
London
_b
Rupert hart Davis
_c
090
_c
30491
_d
30491
942
_a
NUST-CAE
_c
M
_c
22771
999
_c
282541
_d
282541